| 000 | 00451nam a2200169Ia 4500 | ||
|---|---|---|---|
| 005 | 20250408010010.0 | ||
| 008 | 240331s9999 xx 000 0 und d | ||
| 082 |
_a100 _bCHA |
||
| 100 | _aChattopadhyaya, D.P | ||
| 245 | 0 | _aInthiaththathuva yiyalil nilaithirupanavum azhinthanavum | |
| 260 |
_aChennai _bChennai Books _c1976 |
||
| 300 | _aXii, 755 p ., | ||
| 650 | _aMathasaarpinmai | ||
| 650 | _apakutharivu | ||
| 650 | _aaribiyal nokku | ||
| 942 | _cL | ||
| 999 |
_c676 _d676 |
||